Chamem-lhes nomes! (Registo nº 4413)

Detalhes MARC
000 -Etiqueta do registo
Cabeçalho 00763nam0a2200265 4500
005 - Identificador da versão
Campo de controlo 20240813122100.0
010 ## - Número internacional normalizado dos livros (ISBN)
Número (ISBN) 9789724739465
021 ## - Número do Depósito Legal
Código do país PT
Número 294 132/09
100 ## - Dados gerais de processamento
Dados gerais de processamento 20161111d2009 c y0pory5003 ba
102 ## - Pais de publicação ou produção
País de publicação Portugal
101 0# - Língua de publicação
Língua do texto, banda sonora, etc. Português
215 ## - Descrição física 
Indicação específica da natureza do documento e extensão da espécie 32, [6] p.
Outras indicações físicas il. color
200 1# - Titulo e menção de responsabilidade
Título próprio Chamem-lhes nomes!
Primeira menção de responsabilidade texto de Margarida Fonseca Santos
Outras menções de responsabilidade il. Afonso Cruz
225 1# - Colecção 
Título próprio da colecção Gramofone
210 ## - Publicação, Distribuição, etc. 
Lugar da edição, distribuição, etc. Alfragide
Nome do editor, distribuidor, etc. Texto Ed.
Data da publicação, distribuição, etc. cop. 2009
300 ## - Notas gerais 
Texto da nota PNL
606 ## - Nome comum usado como assunto
Número de registo de entrada de autoridade 0001335
Palavra de ordem Literatura portuguesa
Subdivisão de assunto Conto
Código do sistema CA
675 ## - Classificação Decimal Universal (CDU)
Notação 821.134.3-34
Edição 3ª ed.
Língua da edição por
702 #1 - Nome de autor-pessoa física (responsabilidade secundária)
Número de registo de entrada de autoridade 0001246
Palavra de ordem Cruz
Outra parte do nome não tomada para palavra de ordem Afonso
Código de função Ilustrador / Técnico de desenho computorizado
700 #1 - Nome de autor-pessoa física (responsabilidade principal)
Número de registo de entrada de autoridade 0000652
Palavra de ordem Santos
Outra parte do nome não tomada para palavra de ordem Margarida Fonseca
Datas 1960-
966 ## - Identificação da Biblioteca
Sigla EBVEN
942 ## - Elementos de entrada adicionados (Koha)
Tipo de item no Koha Livro
Exemplares
Situação do levantamento Origin of item (home branch) (coded) Biblioteca de empréstimo Código de barras Cota Circulation type (not for loan) Tipo de documento Nota do exemplar Damaged status
  Biblioteca Escolar das Vendas Biblioteca Escolar das Vendas BEV2468 8POR SAN PNL   Livro Sem mensagem  
  Biblioteca Escolar das Vendas Biblioteca Escolar das Vendas BEV2469 8POR SAN PNL   Livro Sem mensagem  
  Biblioteca Escolar das Vendas Biblioteca Escolar das Vendas BEV2470 8POR SAN PNL   Livro Sem mensagem  
  Biblioteca Escolar das Vendas Biblioteca Escolar das Vendas BEV2471 8POR SAN PNL   Livro Sem mensagem  
  Biblioteca Escolar das Vendas Biblioteca Escolar das Vendas BEV2473 8POR SAN PNL   Livro Sem mensagem  
  Biblioteca Escolar das Vendas Biblioteca Escolar das Vendas BEV2474 8POR SAN PNL   Livro Sem mensagem  
  Biblioteca Escolar das Vendas Biblioteca Escolar das Vendas BEV2483 8POR SAN PNL   Livro Sem mensagem  
  Biblioteca Escolar das Vendas Biblioteca Escolar das Vendas BEV2472 8POR SAN PNL   Livro Sem mensagem  
  Biblioteca Escolar das Vendas Biblioteca Escolar das Vendas BEV2481 8POR SAN PNL   Livro Sem mensagem